[Event "5. Torneo de Promoción de Almansa B"]
[Site "Almansa ESP"]
[Date "2010.08.11"]
[Round "4.14"]
[White "Castillo Sanjuan, Alejandro"]
[Black "Padilla Mendez, Vicente"]
[Result "1-0"]
[WhiteElo "1955"]
[BlackElo "1792"]
[PlyCount "71"]
[EventDate "2010.08.09"]
[EventType "swiss"]
[EventRounds "9"]
[EventCountry "ESP"]
[Source "lmi"]
[SourceDate "2010.08.09"]

1. e4 c5 2. Nc3 Nc6 3. f4 e6 4. Nf3 d5 5. e5 d4 6. Ne4 f5 7. exf6 Nxf6 8. d3
Be7 9. g3 O-O 10. Bg2 Qc7 11. O-O Nd5 12. Re1 Bd7 13. Neg5 Bxg5 14. Nxg5 Rae8
15. Qh5 Nf6 16. Qh4 Ne7 17. Be4 Nf5 18. Qh3 h6 19. Nf3 Bc6 20. g4 Bxe4 21. dxe4
Ne3 22. Bxe3 dxe3 23. Ne5 Nxe4 24. Qxe3 Nf6 25. c4 h5 26. h3 hxg4 27. hxg4 Nd7
28. Ng6 Rf6 29. f5 Nf8 30. Nf4 e5 31. Nh5 Rf7 32. Re2 Nd7 33. Qh3 Nf6 34. g5
Nxh5 35. Qxh5 Rxf5 36. Qxe8+ 1-0

[Event "5. Torneo de Promoción de Almansa B"]
[Site "Almansa ESP"]
[Date "2010.08.11"]
[Round "4.15"]
[White "Maseda Iglesias, Luis"]
[Black "Moya De La Flor, Daniel"]
[Result "1-0"]
[WhiteElo "1792"]
[BlackElo "1952"]
[PlyCount "103"]
[EventDate "2010.08.09"]
[EventType "swiss"]
[EventRounds "9"]
[EventCountry "ESP"]
[Source "lmi"]
[SourceDate "2010.08.09"]

1. d4 Nf6 2. c4 c5 3. d5 b5 4. cxb5 a6 5. b6 Qxb6 6. Nc3 d6 7. e4 g6 8. Nf3
Nbd7 9. a4 Bg7 10. a5 Qc7 11. Nd2 O-O 12. Nc4 Bb7 13. f3 Ne8 14. Na4 f5 15. Bd3
Ne5 16. Nxe5 Bxe5 17. Nb6 Rb8 18. Qe2 fxe4 19. fxe4 Qd8 20. Bxa6 Bxa6 21. Qxa6
Nf6 22. Qe2 Rxb6 23. axb6 Qxb6 24. O-O Qb4 25. Qe1 Qd4+ 26. Kh1 Rb8 27. Ra7
Nxe4 28. Rxe7 Rf8 29. Rxf8+ Kxf8 30. Be3 Qxb2 31. Rxh7 Bd4 32. Qf1+ Nf2+ 33.
Bxf2 Bxf2 34. Rh3 Kg7 35. Rf3 Bd4 36. Rf7+ Kg8 37. Rf8+ Kg7 38. Qf7+ Kh6 39.
Qf4+ Kg7 40. Rf7+ Kg8 41. h4 Qb1+ 42. Qf1 Qe4 43. Rf8+ Kg7 44. Qf7+ Kh6 45.
Qf4+ Qxf4 46. Rxf4 Kh5 47. Re4 Bf2 48. Kh2 Bd4 49. Kh3 Bf2 50. g4+ Kh6 51. Re6
Kg7 52. Rxd6 1-0

[Event "5. Torneo de Promoción de Almansa B"]
[Site "Almansa ESP"]
[Date "2010.08.11"]
[Round "5.1"]
[White "Fernandez Seco, Julian"]
[Black "Santa Puche, Pedro Jose"]
[Result "1/2-1/2"]
[PlyCount "48"]
[EventDate "2010.08.09"]
[EventType "swiss"]
[EventRounds "9"]
[EventCountry "ESP"]
[Source "lmi"]
[SourceDate "2010.08.09"]
[WhiteElo "1969"]
[BlackElo "1994"]

1. e4 c5 2. Nf3 Nc6 3. d4 cxd4 4. Nxd4 Nf6 5. Nc3 g6 6. Bc4 Bg7 7. Be3 O-O 8.
Bb3 a5 9. a4 Ng4 10. Nxc6 Nxe3 11. Nxd8 Nxd1 12. Rxd1 Rxd8 13. Nd5 Bxb2 14.
Nxe7+ Kf8 15. Nxc8 Bc3+ 16. Ke2 Raxc8 17. Rd3 Ke7 18. Rhd1 d6 19. Rh3 h5 20.
Rf3 f6 21. h3 Bb4 22. h4 Bc3 23. g4 Bb4 24. g5 Rh8 1/2-1/2

[Event "5. Torneo de Promoción de Almansa B"]
[Site "Almansa ESP"]
[Date "2010.08.11"]
[Round "5.2"]
[White "Alcaraz Cordoba, Sergio"]
[Black "Alcaraz Carcel, Antonio"]
[Result "1/2-1/2"]
[PlyCount "61"]
[EventDate "2010.08.09"]
[EventType "swiss"]
[EventRounds "9"]
[EventCountry "ESP"]
[Source "lmi"]
[SourceDate "2010.08.09"]
[WhiteElo "1942"]
[BlackElo "1991"]

1. e4 c5 2. c3 d5 3. exd5 Qxd5 4. d4 cxd4 5. cxd4 Nc6 6. Nf3 Bg4 7. Be2 e6 8.
Nc3 Qa5 9. O-O Nf6 10. h3 Bh5 11. Be3 Bb4 12. Qb3 O-O 13. Rfd1 Rfd8 14. a3 Bxc3
15. bxc3 Qc7 16. Rac1 Na5 17. Qa4 Nc6 18. Bg5 Qa5 19. Qxa5 Nxa5 20. Bxf6 gxf6
21. Rb1 Rac8 22. Rb5 Bxf3 23. Bxf3 b6 24. Rd3 f5 25. g4 fxg4 26. hxg4 Rc7 27.
Be4 f6 28. Rh5 Rg7 29. Rg3 Rc8 30. Rh6 Rf8 31. d5 1/2-1/2

[Event "5. Torneo de Promoción de Almansa B"]
[Site "Almansa ESP"]
[Date "2010.08.11"]
[Round "5.3"]
[White "Remolar Gallen, Jose"]
[Black "Romero Lopez, Cristina"]
[Result "1-0"]
[PlyCount "97"]
[EventDate "2010.08.09"]
[EventType "swiss"]
[EventRounds "9"]
[EventCountry "ESP"]
[Source "lmi"]
[SourceDate "2010.08.09"]
[WhiteElo "1983"]
[BlackElo "1883"]

1. d4 e6 2. e3 Nf6 3. Bd3 c5 4. c3 d5 5. f4 cxd4 6. exd4 b6 7. Nf3 a5 8. O-O
Ba6 9. f5 Bxd3 10. Qxd3 exf5 11. Bg5 Be7 12. Bxf6 Bxf6 13. Re1+ Kf8 14. Qxf5 g6
15. Qf4 Kg7 16. Na3 Nd7 17. Nb5 Rc8 18. Re2 Rf8 19. Rae1 Kg8 20. Nd6 Rb8 21.
Ne5 Nxe5 22. dxe5 Bg7 23. Rd1 f6 24. e6 Qe7 25. Rxd5 Rfd8 26. c4 Bf8 27. Ne4 f5
28. Nc3 Rbc8 29. Kf1 Bg7 30. Rxd8+ Qxd8 31. e7 Qd3 32. Qe3 Qxe3 33. Rxe3 Re8
34. Nd5 Bd4 35. Re6 Kf7 36. Rc6 Bxb2 37. Rxb6 Bd4 38. Rb5 Bf6 39. Rxa5 Bxe7 40.
Ra7 Kf8 41. Nxe7 Rxe7 42. Rxe7 Kxe7 43. a4 Kd6 44. Ke2 g5 45. Kd3 Kc5 46. a5 f4
47. Ke4 h6 48. Kf5 Kc6 49. h4 1-0

[Event "5. Torneo de Promoción de Almansa B"]
[Site "Almansa ESP"]
[Date "2010.08.11"]
[Round "5.4"]
[White "Martinez Villena, David"]
[Black "Benitez Fernandez, Pedro Vicente"]
[Result "1-0"]
[PlyCount "103"]
[EventDate "2010.08.09"]
[EventType "swiss"]
[EventRounds "9"]
[EventCountry "ESP"]
[Source "lmi"]
[SourceDate "2010.08.09"]
[WhiteElo "1971"]
[BlackElo "1998"]

1. e4 c5 2. Nc3 d6 3. f4 g6 4. Nf3 Bg7 5. g3 Nc6 6. Bg2 Nf6 7. d3 Rb8 8. O-O
O-O 9. h3 b5 10. g4 Qb6 11. Kh1 e6 12. Rb1 a5 13. Ne2 Nd7 14. Ng3 d5 15. Ng5
dxe4 16. N3xe4 Ne7 17. Qe1 Bb7 18. Nxh7 Rfe8 19. Qh4 f5 20. Nhf6+ Nxf6 21.
Nxf6+ Kf7 22. Nxe8 Bxg2+ 23. Kxg2 Qc6+ 24. Kh2 Rxe8 25. g5 e5 26. fxe5 Rh8 27.
Qf2 Nd5 28. Qf3 Bxe5+ 29. Kg2 Qd6 30. c4 bxc4 31. dxc4 Nb4 32. a3 Nc2 33. Qd5+
Qxd5+ 34. cxd5 Rb8 35. Bf4 Bxf4 36. Rxf4 Ne3+ 37. Kf3 Nxd5 38. Rc4 Rb3+ 39. Kf2
Rxh3 40. Rxc5 Rd3 41. Rxa5 f4 42. Ke2 Re3+ 43. Kd2 Re5 44. Re1 Rxg5 45. Kd3
Rg3+ 46. Ke4 Nf6+ 47. Kxf4 Rb3 48. Re2 Rh3 49. Ra7+ Kf8 50. Rc2 Rh5 51. Rc8+
Ne8 52. Raa8 1-0

[Event "5. Torneo de Promoción de Almansa B"]
[Site "Almansa ESP"]
[Date "2010.08.11"]
[Round "5.5"]
[White "Ontañon Gomez, Jesus"]
[Black "Perez Garcia, Juan Angel"]
[Result "1-0"]
[PlyCount "77"]
[EventDate "2010.08.09"]
[EventType "swiss"]
[EventRounds "9"]
[EventCountry "ESP"]
[Source "lmi"]
[SourceDate "2010.08.09"]
[WhiteElo "1864"]
[BlackElo "1961"]

1. e4 e5 2. Nf3 Nc6 3. Bb5 Nd4 4. Nxd4 exd4 5. O-O Bc5 6. d3 Ne7 7. Bg5 f6 8.
Bh4 O-O 9. Bc4+ Kh8 10. Bg3 c6 11. Nd2 d5 12. Bb3 a5 13. a4 Bd6 14. exd5 Bxg3
15. fxg3 Nxd5 16. Bxd5 Qxd5 17. Re1 Be6 18. Nc4 Rae8 19. Qd2 b6 20. Nxb6 Qc5
21. Rxe6 Qxb6 22. Rxe8 Rxe8 23. Re1 Rxe1+ 24. Qxe1 h6 25. b3 Qc5 26. Qe2 Kh7
27. g4 Kh8 28. h4 Kh7 29. Kf2 Kh8 30. Kf3 Qd5+ 31. Kf4 Qd6+ 32. Kf3 Qd5+ 33.
Kf2 Qc5 34. Ke1 Qc3+ 35. Qd2 Qa1+ 36. Kf2 Qh1 37. Qxa5 Qxh4+ 38. Kf3 Qe1 39.
Qxe1 1-0

[Event "5. Torneo de Promoción de Almansa B"]
[Site "Almansa ESP"]
[Date "2010.08.11"]
[Round "5.6"]
[White "Sanchez Lopez, Diego"]
[Black "Boj Marques, Javier"]
[Result "1/2-1/2"]
[PlyCount "103"]
[EventDate "2010.08.09"]
[EventType "swiss"]
[EventRounds "9"]
[EventCountry "ESP"]
[Source "lmi"]
[SourceDate "2010.08.09"]
[WhiteElo "1992"]
[BlackElo "1893"]

1. d4 d5 2. Nf3 Nf6 3. c3 e6 4. Bg5 Be7 5. Nbd2 O-O 6. e3 b6 7. Bd3 Bb7 8. Qa4
h6 9. Bf4 a6 10. Rd1 b5 11. Qc2 Nbd7 12. O-O c5 13. Rfe1 c4 14. Bf1 Qb6 15. Ne5
Rfd8 16. h3 Nxe5 17. Bxe5 Nd7 18. Bh2 f5 19. Nf3 Bd6 20. Qe2 Bxh2+ 21. Nxh2 Nf6
22. Nf3 Bc6 23. Ne5 Be8 24. f3 Nd7 25. Nxd7 Bxd7 26. e4 Qc6 27. exf5 exf5 28.
Qe5 Re8 29. Qg3 Rxe1 30. Rxe1 Re8 31. Re5 Rxe5 32. Qxe5 Kf7 33. Kf2 Be6 34. Qb8
Bd7 35. Be2 Be6 36. Bd1 Bd7 37. Bc2 Qe6 38. Qc7 Ke7 39. Qb8 g5 40. g3 Qd6 41.
Qg8 f4 42. Qg7+ Kd8 43. g4 Qe6 44. Bd1 Kc7 45. Qf8 Qe3+ 46. Kf1 Qc1 47. Qc5+
Bc6 48. Qe7+ Kb6 49. Qe2 b4 50. Qc2 Qxc2 51. Bxc2 bxc3 52. bxc3 1/2-1/2

[Event "5. Torneo de Promoción de Almansa B"]
[Site "Almansa ESP"]
[Date "2010.08.11"]
[Round "5.7"]
[White "Perez Garcia, Jose Miguel"]
[Black "Moreno Brocalero, Jorge"]
[Result "1-0"]
[PlyCount "105"]
[EventDate "2010.08.09"]
[EventType "swiss"]
[EventRounds "9"]
[EventCountry "ESP"]
[Source "lmi"]
[SourceDate "2010.08.09"]
[WhiteElo "1988"]
[BlackElo "1850"]

1. d4 e6 2. c4 d5 3. Nf3 Nf6 4. e3 b6 5. Nc3 Bb7 6. Bd3 Bd6 7. O-O O-O 8. Qe2
Nbd7 9. b3 c5 10. Bb2 Qe7 11. Nb5 Bb8 12. Rac1 a6 13. Na3 Bd6 14. cxd5 exd5 15.
dxc5 bxc5 16. Nb1 Rfc8 17. Rfd1 Ne5 18. Nxe5 Bxe5 19. Nc3 Rc7 20. Na4 Bxb2 21.
Qxb2 Rc6 22. Be2 Rac8 23. Bf3 Qe6 24. Qd2 R6c7 25. Qa5 Nd7 26. h3 f5 27. Rc2
Qe5 28. Rdc1 Qd6 29. Rd2 Nf6 30. Nb6 Rd8 31. Rcd1 d4 32. Nc4 Qe7 33. Bxb7 Rxb7
34. exd4 Ne4 35. Re2 Qf6 36. f3 Rxd4 37. Rde1 Nd6 38. Qxc5 Rb5 39. Nxd6 Rxd6
40. Qc8+ Rd8 41. Re8+ Rxe8 42. Rxe8+ Kf7 43. Rf8+ Kg6 44. Rxf6+ gxf6 45. Qxa6
Re5 46. Kh2 h5 47. b4 Kg5 48. h4+ Kg6 49. b5 f4 50. b6 Re8 51. b7 Kf5 52. Qb5+
Re5 53. Qxe5+ 1-0

[Event "5. Torneo de Promoción de Almansa B"]
[Site "Almansa ESP"]
[Date "2010.08.11"]
[Round "5.8"]
[White "Baeza Garcia, Agustin"]
[Black "Mingarro Carceller, Sergi"]
[Result "1/2-1/2"]
[PlyCount "55"]
[EventDate "2010.08.09"]
[EventType "swiss"]
[EventRounds "9"]
[EventCountry "ESP"]
[Source "lmi"]
[SourceDate "2010.08.09"]
[WhiteElo "1967"]
[BlackElo "1826"]

1. e4 e6 2. d4 d5 3. exd5 exd5 4. Bd3 Nc6 5. c3 Bd6 6. Nf3 Bg4 7. Nbd2 Nge7 8.
Qc2 Qd7 9. O-O Bf5 10. Re1 Bxd3 11. Qxd3 O-O-O 12. b4 Qf5 13. Qxf5+ Nxf5 14.
Nb3 Rde8 15. Bd2 f6 16. a4 h5 17. Rxe8+ Rxe8 18. Re1 Re4 19. Bc1 Rxe1+ 20. Nxe1
Nd8 21. Nd3 Ne6 22. Nd2 Nf4 23. Nxf4 Bxf4 24. g3 Bxd2 25. Bxd2 Nd6 26. f3 Nc4
27. Bc1 Nb6 28. a5 1/2-1/2

[Event "5. Torneo de Promoción de Almansa B"]
[Site "Almansa ESP"]
[Date "2010.08.11"]
[Round "5.9"]
[White "Garcia Ruano, Juan Carlos"]
[Black "Iglesias Fernandez, Luis"]
[Result "1/2-1/2"]
[PlyCount "82"]
[EventDate "2010.08.09"]
[EventType "swiss"]
[EventRounds "9"]
[EventCountry "ESP"]
[Source "lmi"]
[SourceDate "2010.08.09"]
[WhiteElo "1961"]
[BlackElo "1820"]

1. d4 d5 2. Nf3 Nf6 3. g3 Bg4 4. Bg2 e6 5. O-O Be7 6. c3 Nbd7 7. Nbd2 O-O 8.
Re1 c6 9. Qb3 Qb6 10. Qxb6 axb6 11. e4 dxe4 12. Nxe4 Nxe4 13. Rxe4 Bf5 14. Re1
b5 15. Bd2 Nb6 16. Bf1 Nc4 17. Bxc4 bxc4 18. a3 Bd6 19. Ne5 Bxe5 20. Rxe5 Rfd8
21. Rae1 Rd5 22. f3 Raa5 23. Rxd5 Rxd5 24. g4 Bd3 25. f4 g6 26. Kf2 Rb5 27. Bc1
h5 28. h3 Kg7 29. Kf3 Bc2 30. g5 Bb3 31. h4 Ra5 32. Re5 Rd5 33. Ke4 Bc2+ 34.
Ke3 Bb3 35. Bd2 b5 36. Be1 Bc2 37. Bg3 Bb3 38. f5 gxf5 39. Rxd5 cxd5 40. Be5+
Kg6 41. Kf4 Ba4 1/2-1/2

[Event "5. Torneo de Promoción de Almansa B"]
[Site "Almansa ESP"]
[Date "2010.08.11"]
[Round "5.10"]
[White "Villaescusa Navalon, Miguel"]
[Black "Castillo Sanjuan, Alejandro"]
[Result "1-0"]
[PlyCount "155"]
[EventDate "2010.08.09"]
[EventType "swiss"]
[EventRounds "9"]
[EventCountry "ESP"]
[Source "lmi"]
[SourceDate "2010.08.09"]
[WhiteElo "1912"]
[BlackElo "1955"]

1. e4 c5 2. Nf3 d6 3. d4 cxd4 4. Nxd4 Nf6 5. Nc3 a6 6. Be3 e5 7. Nb3 Be6 8. f3
Be7 9. Qd2 O-O 10. O-O-O Nbd7 11. g4 b5 12. g5 Ne8 13. Kb1 Nb6 14. Nd5 Nxd5 15.
exd5 Bd7 16. Na5 Rb8 17. h4 b4 18. Nc4 f5 19. f4 e4 20. h5 Nc7 21. Ba7 Rb7 22.
Bb6 Qb8 23. Bd4 Nb5 24. Na5 Rc7 25. Bxb5 Qxb5 26. Nb3 a5 27. Rdg1 Qxd5 28. Qe3
a4 29. Na1 Be6 30. b3 Ra8 31. Rd1 Qc6 32. h6 Bf8 33. g6 hxg6 34. hxg7 Bxg7 35.
Qh3 Bxd4 36. Rxd4 Rg7 37. Rxb4 axb3 38. Nxb3 Bd5 39. Qe3 Rc8 40. Rh2 Qc3 41.
Qd4 Qxd4 42. Rxd4 Bc4 43. Rxd6 e3 44. Kc1 e2 45. Kd2 Re8 46. Ke1 g5 47. Nd2
gxf4 48. Rh1 Bb5 49. Rdh6 Kf7 50. Rb6 Bd7 51. Rb7 Re7 52. c4 Kf6 53. Rb6+ Kf7
54. Nf3 Re4 55. Rb7 Ke7 56. Rb2 Rg2 57. Rh2 Rg3 58. Rf2 Re3 59. Rbxe2 Bc6 60.
Ne5 Rxe2+ 61. Rxe2 Be4 62. Nc6+ Kf6 63. Nd4 f3 64. Rf2 Kg5 65. c5 Kf4 66. Ne2+
Kg4 67. Nxg3 Kxg3 68. a4 Bc6 69. a5 Bb5 70. Rb2 Ba6 71. c6 Bc8 72. c7 Ba6 73.
Rc2 Bc8 74. Kf1 Ba6+ 75. Kg1 Bb7 76. Rb2 Ba6 77. Rb3 Bc8 78. Rc3 1-0

[Event "5. Torneo de Promoción de Almansa B"]
[Site "Almansa ESP"]
[Date "2010.08.11"]
[Round "5.11"]
[White "Moncada Rodriguez, Cristobal"]
[Black "Maseda Iglesias, Luis"]
[Result "1-0"]
[PlyCount "21"]
[EventDate "2010.08.09"]
[EventType "swiss"]
[EventRounds "9"]
[EventCountry "ESP"]
[Source "lmi"]
[SourceDate "2010.08.09"]
[WhiteElo "1948"]
[BlackElo "1792"]

1. e4 e6 2. d4 d5 3. Nd2 c5 4. Ngf3 cxd4 5. exd5 Qxd5 6. Bc4 Qd6 7. O-O Nc6 8.
Ne4 Qc7 9. Re1 Bd7 10. Nxd4 Nge7 11. Nb5 1-0

[Event "5. Torneo de Promoción de Almansa B"]
[Site "Almansa ESP"]
[Date "2010.08.11"]
[Round "5.12"]
[White "Benitez Fernandez, Pedro Vicente"]
[Black "Gomar Juan, Miguel"]
[Result "0-1"]
[PlyCount "78"]
[EventDate "2010.08.09"]
[EventType "swiss"]
[EventRounds "9"]
[EventCountry "ESP"]
[Source "lmi"]
[SourceDate "2010.08.09"]
[WhiteElo "1998"]
[BlackElo "1940"]

1. d4 Nf6 2. c4 c5 3. d5 b5 4. Qc2 bxc4 5. e4 d6 6. Nc3 g6 7. Bxc4 Bg7 8. Nf3
O-O 9. O-O Nbd7 10. Bf4 Ng4 11. Bb5 Nge5 12. Nd2 Rb8 13. a4 a6 14. Bxd7 Bxd7
15. Rfb1 Qa5 16. Bxe5 dxe5 17. Ra3 Rb4 18. Nb3 Qc7 19. d6 Qxd6 20. Rd1 Rd4 21.
Nxd4 exd4 22. Nb1 Rc8 23. Nd2 Be6 24. Nc4 Qc6 25. a5 Qb5 26. Nb6 Rd8 27. f4 c4
28. e5 d3 29. Qd2 f6 30. exf6 Bxf6 31. Qe1 Bg4 32. Rd2 Bxb2 33. Qxe7 Bd4+ 34.
Kf1 Re8 35. Qxe8+ Qxe8 36. Nxc4 Be2+ 37. Ke1 Qb5 38. Rxe2 Qb1+ 39. Kd2 Qc2+ 0-1

[Event "5. Torneo de Promoción de Almansa B"]
[Site "Almansa ESP"]
[Date "2010.08.11"]
[Round "5.13"]
[White "Lopez Diaz, Rafael"]
[Black "Jimenez Almeida, Luis David"]
[Result "0-1"]
[PlyCount "108"]
[EventDate "2010.08.09"]
[EventType "swiss"]
[EventRounds "9"]
[EventCountry "ESP"]
[Source "lmi"]
[SourceDate "2010.08.09"]
[WhiteElo "1783"]
[BlackElo "1936"]

1. e3 e6 2. b3 f5 3. Bb2 Nf6 4. f4 b6 5. Nf3 Bb7 6. Be2 g6 7. Nc3 Bg7 8. Rb1
O-O 9. O-O d6 10. Qe1 Nbd7 11. Ng5 Qe7 12. Bc4 d5 13. Be2 h6 14. Nf3 c5 15. d4
Kh7 16. Qh4 Rae8 17. h3 Ne4 18. Qxe7 Rxe7 19. Nxe4 fxe4 20. Ne5 Rc8 21. c4 Nxe5
22. dxe5 Rd8 23. Rfd1 Red7 24. Bg4 Re7 25. Rd2 Rde8 26. Rbd1 a6 27. Be2 g5 28.
g3 Rg8 29. fxg5 hxg5 30. Bg4 Rd8 31. Rf2 b5 32. Be2 Bc6 33. Bg4 Be8 34. Rfd2
Bc6 35. Be2 Rf8 36. Bg4 Bh6 37. Rf1 Rb8 38. Ba3 b4 39. Bb2 a5 40. Rdf2 Bg7 41.
Rf7 Rbb7 42. Rxe7 Rxe7 43. Be2 Ra7 44. Rd1 a4 45. Ra1 a3 46. Bc1 Bxe5 47. Rb1
Bxg3 48. Bd2 Kg6 49. Rf1 Rd7 50. Be1 Be5 51. Bf2 d4 52. Re1 dxe3 53. Bxe3 Bd4
54. Bf2 e5 0-1

[Event "5. Torneo de Promoción de Almansa B"]
[Site "Almansa ESP"]
[Date "2010.08.11"]
[Round "5.14"]
[White "Castillo Sanjuan, Daniel"]
[Black "Dragieva, Denitza"]
[Result "1-0"]
[PlyCount "113"]
[EventDate "2010.08.09"]
[EventType "swiss"]
[EventRounds "9"]
[EventCountry "ESP"]
[Source "lmi"]
[SourceDate "2010.08.09"]
[WhiteElo "1922"]
[BlackElo "1782"]

1. e4 e5 2. Nf3 Nc6 3. d4 exd4 4. Nxd4 Bc5 5. Be3 Qf6 6. c3 Nge7 7. Bc4 Bb6 8.
O-O O-O 9. f4 d6 10. g4 Nxd4 11. cxd4 Nc6 12. g5 Qe7 13. Qd3 Nb4 14. Qc3 Qxe4
15. Nd2 Qe7 16. f5 Nc2 17. Qxc2 Qxe3+ 18. Kh1 Qxg5 19. Rae1 Bd7 20. Ne4 Qh4 21.
Qd2 Rae8 22. Rf4 Ba5 23. Rxh4 Bxd2 24. Rg1 Rxe4 25. Rxe4 Bxf5 26. Re7 c6 27.
Rd1 Bg5 28. Rxb7 c5 29. Bd5 Be3 30. dxc5 Bxc5 31. b4 Bb6 32. a4 Re8 33. Bxf7+
Kh8 34. Kg2 Be4+ 35. Kg3 Bxb7 36. Bxe8 Kg8 37. a5 Bc7 38. Rc1 Bb8 39. Bc6 d5+
40. Kg2 Bxc6 41. Rxc6 Bf4 42. b5 d4 43. Rc4 Be5 44. b6 axb6 45. axb6 d3 46. Kf1
Bxh2 47. b7 Kf7 48. Rc8 g5 49. b8=Q Bxb8 50. Rxb8 h5 51. Rd8 Ke6 52. Rxd3 Ke5
53. Kf2 Ke4 54. Ra3 g4 55. Kg3 Kf5 56. Ra5+ Kg6 57. Kh4 1-0

[Event "5. Torneo de Promoción de Almansa B"]
[Site "Almansa ESP"]
[Date "2010.08.11"]
[Round "5.15"]
[White "Gomez Peco, David"]
[Black "Martin Izquierdo, Eduardo"]
[Result "1-0"]
[PlyCount "109"]
[EventDate "2010.08.09"]
[EventType "swiss"]
[EventRounds "9"]
[EventCountry "ESP"]
[Source "lmi"]
[SourceDate "2010.08.09"]
[WhiteElo "1982"]
[BlackElo "1632"]

1. e4 e6 2. d4 d5 3. Nc3 Nf6 4. Bg5 Be7 5. e5 Nfd7 6. h4 h6 7. Bxe7 Qxe7 8. Qd2
a6 9. f4 c5 10. Nf3 Nc6 11. O-O-O Nb6 12. g4 Bd7 13. h5 O-O-O 14. Qf2 c4 15.
Qh4 Qb4 16. a3 Qa5 17. g5 Ne7 18. Bh3 Nf5 19. Bxf5 exf5 20. gxh6 gxh6 21. Rhg1
Na4 22. Nxa4 Qxa4 23. Qf6 Be6 24. Nh4 Qd7 25. Rg7 Rdf8 26. Rdg1 Kb8 27. R1g3
Qd8 28. Qxd8+ Rxd8 29. Kd2 b5 30. Ng2 Kb7 31. Ne3 Kb6 32. Rg1 Rc8 33. b3 a5 34.
bxc4 bxc4 35. Nd1 a4 36. Nc3 Ra8 37. Rb1+ Kc6 38. Rb5 Rhg8 39. Rc5+ Kb7 40.
Rxg8 Rxg8 41. Nxd5 Rd8 42. Rxc4 Rxd5 43. Rxa4 Kb6 44. Kd3 Bd7 45. Rb4+ Rb5 46.
c4 Rxb4 47. axb4 Kc6 48. Kc3 Kc7 49. b5 Kb6 50. Kb4 Kc7 51. d5 Bc8 52. c5 Kb7
53. Ka5 Ka7 54. b6+ Kb8 55. c6 1-0

[Event "5. Torneo de Promoción de Almansa B"]
[Site "Almansa ESP"]
[Date "2010.08.12"]
[Round "6.3"]
[White "Alcaraz Carcel, Antonio"]
[Black "Ontañon Gomez, Jesus"]
[Result "1-0"]
[PlyCount "89"]
[EventDate "2010.08.09"]
[EventType "swiss"]
[EventRounds "9"]
[EventCountry "ESP"]
[Source "lmi"]
[SourceDate "2010.08.09"]
[WhiteElo "1991"]
[BlackElo "1864"]

1. d4 c5 2. d5 Nf6 3. Nc3 d6 4. e4 g6 5. Nf3 Bg7 6. Be2 O-O 7. O-O b6 8. h3 Ba6
9. Bf4 Bxe2 10. Qxe2 Nbd7 11. Rfe1 a6 12. a4 Ra7 13. Rad1 Ne8 14. Qd2 Ne5 15.
b3 Nxf3+ 16. gxf3 Rd7 17. Bh6 e6 18. Ne2 Qh4 19. Bxg7 Kxg7 20. Kg2 e5 21. f4 f5
22. fxe5 dxe5 23. Ng3 fxe4 24. Rxe4 Qf6 25. Rg4 Kh8 26. Qe2 Nd6 27. Ne4 Nxe4
28. Rxe4 Qg5+ 29. Qg4 Qf6 30. Qg3 Rdf7 31. Rd2 Re8 32. Rde2 Rfe7 33. c4 a5 34.
Qc3 Qg5+ 35. Kh2 Kg8 36. Qg3 Qf6 37. R2e3 Qd6 38. Kg2 Qf6 39. Rf3 Qd6 40. Qg5
Rf7 41. Rxf7 Kxf7 42. Qh4 h5 43. Qg5 Kf8 44. f4 exf4 45. Qh6+ 1-0

[Event "5. Torneo de Promoción de Almansa B"]
[Site "Almansa ESP"]
[Date "2010.08.12"]
[Round "6.4"]
[White "Gomar Juan, Miguel"]
[Black "Perez Garcia, Jose Miguel"]
[Result "1-0"]
[PlyCount "97"]
[EventDate "2010.08.09"]
[EventType "swiss"]
[EventRounds "9"]
[EventCountry "ESP"]
[Source "lmi"]
[SourceDate "2010.08.09"]
[WhiteElo "1940"]
[BlackElo "1988"]

1. d4 Nf6 2. c4 c5 3. d5 b5 4. cxb5 a6 5. bxa6 Bxa6 6. Nc3 g6 7. e4 Bxf1 8.
Kxf1 d6 9. Nf3 Nbd7 10. h3 Bg7 11. g3 O-O 12. Kg2 Qa5 13. Re1 Rfb8 14. Qc2 Ne8
15. Bd2 Nc7 16. a4 Qb6 17. Ra3 Qxb2 18. Qxb2 Rxb2 19. Rb1 Bxc3 20. Rxb2 Bxb2
21. Rb3 Bf6 22. Rb7 Rc8 23. Ba5 c4 24. Rxc7 Rxc7 25. Bxc7 Nc5 26. a5 Kf8 27.
Bb6 Na6 28. Nd4 c3 29. Nc2 Ke8 30. f4 e6 31. Kf3 exd5 32. exd5 Kd7 33. Ke4 Nc7
34. Nb4 Bg7 35. Kd3 f5 36. a6 Na8 37. Ba5 Bf6 38. Nc6 h5 39. Bxc3 Bd8 40. Nxd8
Kxd8 41. Ba5+ Kc8 42. Kc4 Kd7 43. Kb5 g5 44. h4 gxh4 45. gxh4 Nc7+ 46. Bxc7
Kxc7 47. a7 Kb7 48. a8=Q+ Kxa8 49. Kc6 1-0

[Event "5. Torneo de Promoción de Almansa B"]
[Site "Almansa ESP"]
[Date "2010.08.12"]
[Round "6.5"]
[White "Jimenez Almeida, Luis David"]
[Black "Moncada Rodriguez, Cristobal"]
[Result "1/2-1/2"]
[PlyCount "74"]
[EventDate "2010.08.09"]
[EventType "swiss"]
[EventRounds "9"]
[EventCountry "ESP"]
[Source "lmi"]
[SourceDate "2010.08.09"]
[WhiteElo "1936"]
[BlackElo "1948"]

1. e4 e6 2. c4 d5 3. exd5 exd5 4. cxd5 Nf6 5. Nc3 Nxd5 6. Qf3 Nxc3 7. dxc3 Be7
8. Bf4 c6 9. Bc4 O-O 10. Ne2 Nd7 11. O-O Nf6 12. Rfe1 Qa5 13. b3 Bg4 14. Qg3
Rfe8 15. Nd4 Qc5 16. h3 Bh5 17. Re5 Qa3 18. Rae1 Bg6 19. Bc1 Qd6 20. Rxe7 Rxe7
21. Qxd6 Rxe1+ 22. Kh2 Rxc1 23. Ne2 Rc2 24. Qc7 Re8 25. Qxb7 Rxa2 26. b4 Raxe2
27. Bxe2 Rxe2 28. Qxc6 h6 29. Qa8+ Kh7 30. Qxa7 Ne4 31. c4 Nxf2 32. c5 Nd3 33.
b5 Be4 34. Kg1 Rxg2+ 35. Kf1 Rf2+ 36. Kg1 Rg2+ 37. Kf1 Rf2+ 1/2-1/2

[Event "5. Torneo de Promoción de Almansa B"]
[Site "Almansa ESP"]
[Date "2010.08.12"]
[Round "6.6"]
[White "Castillo Sanjuan, Daniel"]
[Black "Alcaraz Cordoba, Sergio"]
[Result "1-0"]
[PlyCount "69"]
[EventDate "2010.08.09"]
[EventType "swiss"]
[EventRounds "9"]
[EventCountry "ESP"]
[Source "lmi"]
[SourceDate "2010.08.09"]
[WhiteElo "1922"]
[BlackElo "1942"]

1. e4 e6 2. d4 d5 3. Nd2 Nf6 4. e5 Nfd7 5. c3 c5 6. Bd3 Nc6 7. Ne2 cxd4 8. cxd4
f6 9. exf6 Nxf6 10. O-O Bd6 11. f4 O-O 12. Nf3 Qb6 13. a3 e5 14. fxe5 Nxe5 15.
Nxe5 Bxe5 16. Kh1 Bc7 17. Qc2 Bg4 18. Be3 Rae8 19. Bg1 Bxe2 20. Bxe2 Ne4 21.
Bg4 Bb8 22. Qd3 Rxf1 23. Rxf1 Qxb2 24. Qh3 Qb6 25. Qh5 Qd8 26. Be6+ Kh8 27.
Qxd5 Nf6 28. Qf5 Qd6 29. d5 Qxa3 30. Bd4 Qd6 31. g3 Rf8 32. Qg5 Qd8 33. h4 h6
34. Qg6 Nh5 35. Qxh6# 1-0